Impact of globalisation on trade union movement (Record no. 115533)

000 -LEADER
fixed length control field 01331pab a2200169 454500
008 - FIXED-LENGTH DATA ELEMENTS--GENERAL INFORMATION
fixed length control field 180718b2015 xxu||||| |||| 00| 0 eng d
100 ## - MAIN ENTRY--PERSONAL NAME
Personal name Roy, Purnima
245 ## - TITLE STATEMENT
Title Impact of globalisation on trade union movement
260 ## - PUBLICATION, DISTRIBUTION, ETC.
Date of publication, distribution, etc. 2015
300 ## - PHYSICAL DESCRIPTION
Extent p.480-488.
362 ## - DATES OF PUBLICATION AND/OR SEQUENTIAL DESIGNATION
Dates of publication and/or sequential designation Jul-Sep
520 ## - SUMMARY, ETC.
Summary, etc. Globalisation brought with it a paradigm shift for trade union movement in India.The jobless growth which has followed globalisation in India has huge implications for the movement it is now fighting for loyalty of the workers with the employers.The labour reforms has also restricted workers freedom to protests, more are days of bandh have electoral significance because of numerical strength.They have not meant much beyond that. In addition, the states wer competing for investments, both foreign and domestic. In doing so they restricted the workers' freedom. Economic reforms have not been complemented with political reforms for workers in India. In the absence of mechanism in place for workers for redressal their demands, there are violent outbursts which are interpreted as law and order issues. In such a scenario, both State and trade unions need to search for alternatives. - FReproduced.
650 ## - SUBJECT ADDED ENTRY--TOPICAL TERM
Topical term or geographic name entry element Globalization
650 ## - SUBJECT ADDED ENTRY--TOPICAL TERM
Topical term or geographic name entry element Trade unions
773 ## - HOST ITEM ENTRY
Main entry heading Indian Journal of Public Administration
909 ## -
-- 115539
Holdings
Withdrawn status Lost status Damaged status Not for loan Permanent Location Current Location Date acquired Serial Enumeration / chronology Barcode Date last seen Price effective from Koha item type
        Indian Institute of Public Administration Indian Institute of Public Administration 2018-07-19 Volume no: 61, Issue no: 3 AR115999 2018-07-19 2018-07-19 Articles

Powered by Koha